Oklahoma Sooners Football Trivia - Statistics

General Stats
  • This quiz has been taken 541 times
    164 since last reset
  • The average score is 15 of 19
Answer Stats
Hint Answer % Correct
Conference which Oklahoma joined in 2024 SEC
99%
School that Oklahoma faces off against each year in the "Red River Showdown" Texas
98%
Oklahoma's fight song {Boomer} Sooner
95%
Heisman winner - 2017 Baker Mayfield
94%
Oklahoma's school colors (be exact) Crimson
90%
City that is home to the University of Oklahoma Norman
90%
Heisman winner - 2018 Kyler Murray
89%
Heisman winner - 2008 Sam Bradford
88%
Quarterback who won the Heisman Trophy in 2003 but wasn't even drafted by an NFL team Jason White
85%
Oklahoma's school colors (be exact) Cream
83%
What type of vehicle is the Sooner Schooner? Covered wagon
82%
Coach from 1999–2016 who won a national championship in 2000 Bob Stoops
79%
Player who rushed for 1,925 yards in 2004 – an NCAA freshman record Adrian Peterson
76%
Running formation, with one fullback and two tailbacks, that was frequently used by that coach {Wish}bone
74%
Head coach of the team from 1973–1988 who won three national championships Barry Switzer
68%
Two-time Butkus Award winner known as "The Boz" Brian Bosworth
68%
Nickname of Oklahoma's stadium The {Palace} on the Prairie
59%
Player from the 1980s who was the inspiration for the stage name of a well-known rapper Buster {Rhymes}
44%
Coach from the 1950s who was so successful that the school president vowed to "build a university of which the football team would be proud" Bud Wilkinson
43%
No matching quizzes found
Score Distribution
Percent of People with Each Score
Percentile by Number Answered
Your Score History
You have not taken this quiz since the last reset